Clubs de football commençant par Q - Statistiques

Statistiques générales
  • Ce quiz a été pris 165 fois
  • Le résultat moyen est 2 sur 5
Statistiques - réponses
Par images Réponse % Correct
Queens Park Rangers
88%
Qarabağ
70%
Querétaro FC
13%
Qingdao Hainiu
4%
Queen's Park FC
3%
Aucun quiz correspondant
Distribution des résultats
% des personnes avec chaque résultat
Percentile par nombre de réponses
Votre historique - résultats
Vous n’avez pas pris ce quiz